5HLuxD.jpg

KING HENRY VIII SENIOR AND PRIMARY SCHOOL LIBRARY OPAC

I just don't like the sound of no! / (Record no. 1409)

000 -LEADER
fixed length control field 01386cam a2200337 a 4500
001 - CONTROL NUMBER
control field (Sirsi) a752222
003 - CONTROL NUMBER IDENTIFIER
control field OSt
005 - DATE AND TIME OF LATEST TRANSACTION
control field 20221229113401.0
008 - FIXED-LENGTH DATA ELEMENTS--GENERAL INFORMATION
fixed length control field 121108s2011 nbua a 000 1 eng d
020 ## - INTERNATIONAL STANDARD BOOK NUMBER
International Standard Book Number 9781934490259 (pbk.) :
020 ## - INTERNATIONAL STANDARD BOOK NUMBER
International Standard Book Number 1934490253 (pbk.) :
040 ## - CATALOGING SOURCE
Original cataloging agency JTB
Transcribing agency JTB
Modifying agency DLC
-- TAE
-- KH8
042 ## - AUTHENTICATION CODE
Authentication code nbic
082 0# - DEWEY DECIMAL CLASSIFICATION NUMBER
Classification number 372.374 COO
100 1# - MAIN ENTRY--PERSONAL NAME
Personal name Cook, Julia,
Dates associated with a name 1964-
Relator term author
245 10 - TITLE STATEMENT
Title I just don't like the sound of no! /
Statement of responsibility, etc. written by Julia Cook ; illustrated by Kelsey De Weerd.
246 30 - VARYING FORM OF TITLE
Title proper/short title I just do not like the sound of no!
260 ## - PUBLICATION, DISTRIBUTION, ETC.
Place of publication, distribution, etc. Boys Town, Neb. :
Name of publisher, distributor, etc. Boys Town Press,
Date of publication, distribution, etc. c2011.
300 ## - PHYSICAL DESCRIPTION
Extent 32 p. :
Other physical details col. ill. ;
Dimensions 23 cm.
490 0# - SERIES STATEMENT
Series statement Best me I can be!
500 ## - GENERAL NOTE
General note "My story about accepting 'no' for an answer and disagreeing ... the right way!"--Cover.
520 ## - SUMMARY, ETC.
Summary, etc. Shows readers the steps to the fundamental social skills of accepting "no" and disagreeing appropriately. When RJ learns to use these skills the right way, he finds that rewards come his way, instead of arguments.
521 1# - TARGET AUDIENCE NOTE
Target audience note 0-6.
650 #0 - SUBJECT ADDED ENTRY--TOPICAL TERM
Topical term or geographic name entry element Children
General subdivision Life skills guides
Form subdivision Juvenile fiction.
650 #0 - SUBJECT ADDED ENTRY--TOPICAL TERM
Topical term or geographic name entry element Obedience
Form subdivision Juvenile fiction.
650 #0 - SUBJECT ADDED ENTRY--TOPICAL TERM
Topical term or geographic name entry element Conflict (Psychology)
Form subdivision Juvenile fiction.
650 #0 - SUBJECT ADDED ENTRY--TOPICAL TERM
Topical term or geographic name entry element Interpersonal communication
Form subdivision Juvenile fiction.
650 #0 - SUBJECT ADDED ENTRY--TOPICAL TERM
Topical term or geographic name entry element Frustration
Form subdivision Juvenile fiction.
700 1# - ADDED ENTRY--PERSONAL NAME
Personal name De Weerd, Kelsey,
Relator term ill.
942 ## - ADDED ENTRY ELEMENTS (KOHA)
Source of classification or shelving scheme
Koha item type Books - Non Ficton
Holdings
Withdrawn status Lost status Source of classification or shelving scheme Damaged status Not for loan Collection code Permanent Location Current Location Shelving location Date acquired Total Checkouts Full call number Barcode Date last seen Date last checked out Price effective from Koha item type
          Non-Fiction KH8 Primary School Library KH8 Primary School Library Non Fiction 2022-12-29 11 372.374 COO KHPL000003186 2025-12-05 2024-10-10 2022-12-29 Books - Non Ficton

Powered By KH8 IT Dept